000 00584nam a22001937a 4500
005 20230421175041.0
008 230227b sp ||||| |||| 00| 0 spa d
020 _a843393077X
050 0 4 _aPQ4480.A33
_bT33 1997
100 1 _aTabucchi, Antonio
240 _aIl gioco del rovescio
245 1 3 _aEl juego del revés /
_cAntonio Tabucchi ; traducción de Carmen Artal
250 _a4a ed.
260 _aBarcelona :
_bAnagrama,
_c1997
300 _a152 p. ;
_c20 cm.
490 0 _aPanorama de narrativas ;
_v77
600 1 _aTabucchi, Antonio,
_d1943-2012
942 _2lcc
_cLIB
999 _c166362
_d166360